000 00890nam a2200289 i 4500
003 EG-GICUC
005 20260501084911.0
008 260501s1951 fr ||||fr|||| 00| 0 fre d
040 _aEG-GiCUC
_bfre
_cEG-GiCUC
_dEG-GiCUC
_eRda
082 0 4 _221
_a343.111
_bTU . M
092 0 4 _221
099 _aLaw1 10 343.111 TU . M 1951
100 1 _aTullio,B. Di
_eAuteur
245 _aManuel D’anthropologie Criminelle/
_cB. Di Tullio.
264 1 _aParis:
_bPayot,
_c1951.
300 _a249 page ;
_c 24 cm.
336 _2rda contenu
_a texte
337 _2rda medias
_aOrdinateur
338 _2 transporteur rda
_a Ressource en ligne
546 _aTexte en français
650 1 _aDroit Pénal
650 1 _aNotion D'Infraction Pénal
700 1 _aStanciu,V. V.
_eÉditeur
856 4 0 _uhttps://fll.law.cu.edu.eg/fulltext/bks/B10-10960.pdf
905 _a59
942 _2ddc
_n0
_cBK
_e21
999 _c74607
_d74607